Betclic 2 Liga 2025/26 - loga klubów - Statystyki

Ogólne statystyki
  • Ten quiz został rozwiązany 41 razy
  • Średni wynik to 15 z 18
Statystyki odpowiedzi
Obrazkowy Odpowiedź % Poprawnych
ŁKS Łódź II
100%
Podbeskidzie Bielsko-Biała
100%
Śląsk Wrocław II
100%
Warta Poznań
100%
Zagłębie Sosnowiec
97%
Chojniczanka
95%
Olimpia Grudziądz
95%
KKS Kalisz
90%
Resovia Rzeszów
90%
Sandecja Nowy Sącz
90%
GKS Jastrzębie
77%
Hutnik Kraków
77%
Stal Stalowa Wola
77%
Rekord Bielsko Biała
72%
Świt Szczecin
64%
Unia Skierniewice
62%
Podhale Nowy Targ
59%
Sokół Kleczew
51%
Nie znaleziono quizów pasujących do podanych kryteriów
Rozkład punktacji
Procent ludzi z każdym wynikiem
Percentyl według liczby udzielonych odpowiedzi
Twoja historia wyników
Nie rozwiązałeś tego quizu